| 000 | 00441nam a2200193Ia 4500 | ||
|---|---|---|---|
| 003 | 0100 | ||
| 008 | 130303s9999 xx 000 0 und d | ||
| 040 | _cARRUPELIB | ||
| 050 | _aBX320.2.C761988 | ||
| 100 | _aCross, Lawrence | ||
| 245 | _aEastern christianity | ||
| 245 | _bThe Byzantine tradition | ||
| 260 | _aSydney | ||
| 260 | _bE.J.Dwyer | ||
| 260 | _C1988 | ||
| 300 | _a117p | ||
| 650 | _bChurch--Catholic Church | ||
| 942 | 0 | 0 | _01 |
| 999 |
_c21667 _d21667 |
||